[Event "COL-ch disabled 2nd"]
[Site "Cali"]
[Date "2008.10.26"]
[Round "4.16"]
[White "Aguilar Nino, Reynaldo"]
[Black "Tarazona, Jorge Eduardo"]
[Result "1-0"]
[WhiteElo "1600"]
[BlackElo "1600"]
[PlyCount "85"]
[EventDate "2008.10.25"]
[EventType "swiss"]
[EventRounds "7"]
[EventCountry "COL"]
[SourceTitle "EXT 2024"]
[Source "ChessBase"]
[SourceDate "2023.10.10"]
[SourceVersion "1"]
[SourceVersionDate "2023.10.10"]
[SourceQuality "1"]

1. e4 e5 2. Nc3 c6 3. Nf3 f6 4. d4 Bb4 5. Qd2 Bxc3 6. Qxc3 exd4 7. Qxd4 Qe7 8. Bd3 c5 9. Qd5 d6 10. 0-0 Be6 11. Bb5+ Kf8 12. Qd3 a6 13. Ba4 b5 14. Bb3 c4 15. Qd4 cxb3 16. axb3 Nd7 17. Bd2 Nc5 18. b4 Nd7 19. Rfe1 g5 20. h4 Bg4 21. Nh2 Qe6 22. e5 dxe5 23. Qe4 Nb6 24. hxg5 Bf5 25. Qh4 Rd8 26. Bc3 Nd5 27. gxf6 Ngxf6 28. Rxe5 Qd6 29. Qh6+ Kg8 30. Rd1 Ne4 31. Re6 Qc7 32. Bd4 Kf7 33. Nf3 Bxe6 34. Qg7+ Ke8 35. Qxh8+ Kd7 36. Qxh7+ Kc8 37. Qxe4 Re8 38. Ra1 Nf6 39. Qa8+ Kd7 40. Qxa6 Ng4 41. Qxb5+ Ke7 42. Bc5+ Kf7 43. Ra7 1-0